[Event "URS-chT"]
[Site "Podolsk"]
[Date "1990.??.??"]
[Round "?"]
[White "Timoshchenko, Gennadi A"]
[Black "Donchenko, Anatoly G"]
[Result "0-1"]
[WhiteElo "2505"]
[BlackElo "2345"]

1.d4 d5 2.c4 dxc4 3.e4 Nc6 4.Nf3 Bg4 5.Bxc4 Bxf3 6.Qxf3 e6 7.d5 Ne5 8.Bb5+ c6
9.Qc3 cxb5 10.Qxe5 Qd6 11.Qxd6 Bxd6 12.dxe6 fxe6 13.Be3 Nf6 14.f3 a6 15.Nd2 Rc8
16.Nb3 Nd7 17.Rd1 Ke7 18.Bg5+ Nf6 19.Ke2 h6 20.Be3 Rc2+ 21.Rd2 Rhc8 22.Kd3 R2c7
23.a3 Bxa3 24.bxa3 Rc3+ 25.Ke2 Rxb3 26.Bf4 Rc6 27.Rhd1 Rxa3 28.Bd6+ Rxd6
29.Rxd6 Nd5 30.R1xd5 exd5 31.Rb6 dxe4 32.fxe4 h5 33.Rxb7+ Kf6 34.e5+ Kxe5
35.Rxg7 b4 36.Rg5+ Kd4 37.Rxh5 b3 38.Kd2 Ra2+ 39.Kc1 Rxg2 40.Rh3 Kc4 41.Rh6 a5  0-1

[Event "URS-chT"]
[Site "Podolsk"]
[Date "1990.??.??"]
[Round "?"]
[White "Dautov, Rustem"]
[Black "Donchenko, Anatoly G"]
[Result "1-0"]
[WhiteElo "2560"]
[BlackElo "2345"]

1.d4 d5 2.c4 dxc4 3.e4 c5 4.d5 e6 5.Nc3 exd5 6.Nxd5 Nc6 7.Bxc4 Bd6 8.Nf3 Nge7
9.Bg5 h6 10.Bh4 Qa5+ 11.b4 Nxb4 12.Nf6+ gxf6 13.Qxd6 Be6 14.Bxe6 Rd8 15.Bxf7+ Kf8
16.Qe6 Nc2+ 17.Ke2 Rd2+ 18.Kf1 Nxa1 19.Nxd2 Qxd2 20.g3 Rh7 21.Bh5 Nc2 22.Qxf6+ Kg8
23.Qe6+ Kf8 24.Bxe7+  1-0

[Event "ARG-ch"]
[Site "San Luis"]
[Date "1990.??.??"]
[Round "3"]
[White "Boissonet, Carlos P"]
[Black "Ricardi, Pablo"]
[Result "0-1"]
[WhiteElo "2405"]
[BlackElo "2380"]

1.d4 d5 2.c4 dxc4 3.e4 c5 4.d5 Nf6 5.Nc3 e6 6.Bxc4 exd5 7.exd5 a6 8.a4 Bd6
9.Qe2+ Kd7 10.Qc2 Re8+ 11.Nge2 Ke7 12.O-O Kf8 13.Ng3 Nbd7 14.f4 Kg8 15.Bd2 Ng4
16.h3 Nb6 17.b3 Ne3 18.Bxe3 Rxe3 19.Nce4 Qe7 20.Qf2 Rxe4 21.Nxe4 Qxe4 22.Rae1 Qd4
23.Qxd4 cxd4 24.a5 Nd7 25.Re8+ Nf8 26.Rc1 Rb8 27.Bxa6 bxa6 28.Rcxc8 d3 29.Kf1 Rxb3
30.Rc6 d2 31.Ke2 Bxf4 32.d6 g6 33.d7 Rd3 34.Kd1 Rxd7 35.Rxa6 Rc7 36.Rd8 Bg5
37.Rxd2 Bxd2 38.Kxd2 Ne6 39.Ra8+ Kg7 40.a6 Nd4 41.a7 Kf6  0-1

[Event "Santa Clara"]
[Site "Santa Clara"]
[Date "1990.??.??"]
[Round "3"]
[White "Borges Mateos, Juan"]
[Black "Yakovich, Yuri"]
[Result "1-0"]
[WhiteElo "2500"]
[BlackElo "2470"]

1.d4 d5 2.c4 dxc4 3.e4 Nf6 4.Nc3 e5 5.Nf3 exd4 6.Qxd4 Qxd4 7.Nxd4 Bc5 8.Ndb5 Na6
9.Bf4 c6 10.Nd6+ Bxd6 11.Bxd6 Be6 12.e5 Nd7 13.b3 O-O-O 14.bxc4 f6 15.f4 Rhe8
16.Kf2 g5 17.g3 fxe5 18.fxe5 Bf5 19.Re1 Re6 20.g4 Bg6 21.h4 Nac5 22.Re3 Rde8
23.h5 Bc2 24.Be2 h6 25.Rc1 Bh7 26.Rd1 b6 27.Bf3 Nxe5 28.Bxe5 Rxe5 29.Rxe5 Rxe5
30.Bxc6 Nd3+ 31.Kg1 Re3 32.Nd5 Rg3+ 33.Kh2 Rxg4 34.Bd7+ Kxd7 35.Nf6+ Kc6
36.Nxg4 Nf4 37.Nxh6 Nxh5 38.Rd5 Nf4 39.Rxg5 Bb1 40.a3 Ne6 41.Re5 Nd4 42.Rd5 Nc2
43.Rb5 Nxa3 44.Rb3 Nxc4 45.Rxb1 a5 46.Kg2 b5 47.Kf2 b4 48.Nf5 Kc5 49.Rc1 b3
50.Ne3 b2 51.Rxc4+  1-0

[Event "Tatran Cup"]
[Site "Stary Smokovec"]
[Date "1990.??.??"]
[Round "8"]
[White "Razuvaev, Yuri S"]
[Black "Fominyh, Alexander"]
[Result "1-0"]
[WhiteElo "2570"]
[BlackElo "2530"]

1.d4 d5 2.c4 dxc4 3.e4 Nf6 4.e5 Nd5 5.Bxc4 Nc6 6.Nc3 Nb6 7.Bb5 Bd7 8.Nf3 e6
9.a3 Ne7 10.Bd3 Bc6 11.O-O Ng6 12.Be3 Be7 13.Rc1 Nh4 14.Nxh4 Bxh4 15.Qg4 g6
16.Bh6 Be7 17.Rfd1 Qd7 18.Qf4 Bf8 19.Qf6 Rg8 20.Bxf8 Kxf8 21.Be4 Bxe4 22.Nxe4 Nd5
23.Qh4 h5 24.Nf6 Nxf6 25.exf6 c6 26.d5 cxd5 27.Qb4+ Ke8 28.Rc5 a5 29.Qc3 Rd8
30.Qxa5 Rh8 31.Rdc1 e5 32.Rc7 Qd6 33.Re7+ Kf8 34.Qc7 Qxc7 35.Rcxc7 d4 36.Kf1 Rh7
37.Rxe5 d3 38.Rd5 Re8 39.Rxd3 g5 40.Rdd7 b5 41.Rb7  1-0

[Event "Toulouse op"]
[Site "Toulouse"]
[Date "1990.??.??"]
[Round "4"]
[White "Hebden, Mark"]
[Black "Schulz, Karsten"]
[Result "0-1"]
[WhiteElo "2530"]
[BlackElo "2380"]

1.d4 d5 2.c4 dxc4 3.e4 e5 4.Nf3 exd4 5.Bxc4 Bb4+ 6.Nbd2 Nc6 7.O-O Nf6 8.e5 Nd5
9.Nb3 Nb6 10.Bb5 Bd7 11.Bxc6 Bxc6 12.Nfxd4 Bd5 13.Qg4 Qd7 14.Qg3 O-O-O 15.Be3 h5
16.Rfc1 h4 17.Qf4 h3 18.g3 Nc4 19.Rc2 Rhe8 20.Rac1 c6 21.Bd2 Bxd2 22.Nxd2 Nxe5
23.Qf5 Qxf5 24.Nxf5 Bg2 25.Nh4 Nd3 26.Rd1 Nb4 27.Rcc1 Nxa2 28.Ra1 Bd5 29.Nf5 g6
30.Ne3 Nb4 31.Rxa7 Kc7 32.Raa1 Nd3 33.b3 Be6 34.Rdb1 Nxf2 35.Nf3 Ne4 36.b4 Nd2
37.Nxd2 Rxd2 38.b5 c5  0-1

[Event "FRA-FRG"]
[Site "Uzes"]
[Date "1990.??.??"]
[Round "3"]
[White "Chabanon, Jean Luc"]
[Black "Schlosser, Philipp"]
[Result "0-1"]
[WhiteElo "2445"]
[BlackElo "2455"]

1.d4 d5 2.c4 dxc4 3.e4 e5 4.Nf3 exd4 5.Bxc4 Bb4+ 6.Bd2 Bxd2+ 7.Nbxd2 Nc6
8.O-O Qf6 9.Re1 Nge7 10.e5 Qg6 11.Nf1 Bg4 12.h3 Bxh3 13.Ng3 Bg4 14.Qb3 O-O
15.e6 Bxe6 16.Bxe6 fxe6 17.Rad1 Kh8 18.Rxe6 Qf7 19.Rde1 Rae8 20.Kh2 d3 21.Ng5 Qf4
22.Nh3 Qd4 23.R1e4 Qd5 24.Qc3 d2 25.Rg4 Ng6 26.Rexg6 hxg6 27.Ng5 d1=Q 28.Nf3 Qe5  0-1

[Event "Vrnjacka Banja"]
[Site "Vrnjacka Banja"]
[Date "1990.??.??"]
[Round "1"]
[White "Kolev, Atanas"]
[Black "Marjanovic, Slavoljub"]
[Result "1/2-1/2"]
[WhiteElo "2425"]
[BlackElo "2480"]

1.d4 d5 2.c4 dxc4 3.e4 Nf6 4.e5 Nd5 5.Bxc4 Nb6 6.Bb3 Nc6 7.Be3 Bf5 8.Ne2 e6
9.Nbc3 Na5 10.Ba4+ c6 11.Bc2 Bxc2 12.Qxc2 Nac4 13.O-O Nd5 14.Bc1 Be7 15.Ng3 Ncb6
16.Nce4 h5 17.Nc5 Qc7 18.Nge4 Nd7 19.Nd3 h4 20.h3 f5 21.Nc3 N7b6 22.Ne2 g5
23.Bd2 O-O-O 24.a4 Kb8 25.Rfc1 Rc8 26.b4 g4 27.Kh1 Rhg8 28.Qb3 Qd7 29.Ra2 gxh3
30.gxh3 Nc7 31.Raa1 Qd5+ 32.Qxd5 Nbxd5 33.Rg1 Na6 34.Rab1 Rxg1+ 35.Nxg1 b5
36.a5 Rg8 37.Nf3 Kc7 38.Nfe1 Kd7 39.Nc2 Ke8 40.Rg1 Rxg1+ 41.Kxg1 Kf7 42.Kg2 Kg6
43.f4 Kf7 44.Kf3 Kg6 45.Be1 Kf7 46.Bd2 Kg6 47.Be1  1/2-1/2

[Event "Vrnjacka Banja"]
[Site "Vrnjacka Banja"]
[Date "1990.??.??"]
[Round "2"]
[White "Timoshenko, Georgy"]
[Black "Matulovic, Milan"]
[Result "1/2-1/2"]
[WhiteElo "2540"]
[BlackElo "2435"]

1.d4 d5 2.c4 dxc4 3.e4 e5 4.Nf3 exd4 5.Bxc4 Bb4+ 6.Nbd2 Nc6 7.O-O Nf6 8.e5 Nd5
9.Nb3 Nb6 10.Bg5 Be7 11.Bxe7 Nxe7 12.Bd3 Bg4 13.Nbxd4 Ned5 14.h3 Bh5 15.Qb3 O-O
16.Be4  1/2-1/2

[Event "Hoogovens"]
[Site "Wijk aan Zee"]
[Date "1990.??.??"]
[Round "2"]
[White "Petursson, Margeir"]
[Black "Dlugy, Maxim"]
[Result "1/2-1/2"]
[WhiteElo "2555"]
[BlackElo "2525"]

1.d4 d5 2.c4 dxc4 3.e4 e5 4.Nf3 Bb4+ 5.Bd2 Bxd2+ 6.Qxd2 exd4 7.Qxd4 Nf6 8.Qxd8+ Kxd8
9.Nc3 Be6 10.Nd4 Nc6 11.Nxc6+ bxc6 12.f4 g6 13.O-O-O+ Ke7 14.Re1 Kf8 15.g3 Nd7
16.Rd1 Rd8 17.Be2 Ke7 18.g4 f6 19.h4 Nc5 20.f5 Bf7 21.g5 Rd6 22.Rhf1 Nd7
23.Rf4 h6 24.fxg6 hxg5 25.hxg5 Rxd1+ 26.Kxd1 Bxg6 27.gxf6+ Nxf6 28.Bxc4 Rh2
29.b3 Nd7 30.Be2 Ne5 31.Kd2 Bf7 32.Ke3 Rh3+ 33.Kd4 Kd6 34.Rf6+ Be6 35.b4 a5
36.a3 axb4 37.axb4 Rg3 38.Na4 Rg6 39.Rf8 Nd7 40.Rh8 Rg2 41.Bd3 Rg5 42.Rh6 Ke7
43.Ba6 Nf8 44.Nc5 Rg6 45.Rh8 Bf7 46.Be2 Rg2 47.Bd3 Rg5 48.Rh1 Ne6+ 49.Nxe6 Bxe6
50.Rh7+ Kd6 51.Rh6 Kd7 52.Be2 Rg2 53.Rh7+ Kd8 54.Bd3 Rb2 55.Rh8+ Ke7 56.Rh7+ Kd8
57.Ke5 Ba2 58.Rh8+ Ke7 59.Rh7+ Kd8 60.Kf6 Rf2+ 61.Kg5 Rg2+ 62.Kf4 Rf2+ 63.Kg5  1/2-1/2

[Event "Acasusso op"]
[Site "Acasusso"]
[Date "1991.??.??"]
[Round "8"]
[White "Markeluk, Sergio"]
[Black "Juarez, Alberto"]
[Result "1-0"]
[WhiteElo "2375"]
[BlackElo "2245"]

1.d4 d5 2.c4 dxc4 3.e4 c5 4.d5 Nf6 5.Nc3 b5 6.Bf4 a6 7.e5 b4 8.exf6 bxc3
9.bxc3 gxf6 10.Bxc4 Nd7 11.Qa4 Bg7 12.Qc6 Ra7 13.Rb1 O-O 14.d6 exd6 15.Bxd6 Ne5
16.Bxe5 Re8 17.Ne2 fxe5 18.Qxc5 Rc7 19.Qd5 Qe7 20.Qe4 Rd8 21.O-O Bb7 22.Rxb7 Rxb7
23.Bxa6 Ra7 24.Bc4 Qd7 25.Ng3 Qd2 26.Bb3 Qd3 27.Qh4 Rdd7 28.Ne4 Rac7 29.Qg4 Qa6
30.Nc5 Qc6 31.Nxd7 Qxd7 32.Qf3 e4 33.Qxe4 Rxc3 34.Rd1 Qc6 35.Qe7  1-0

[Event "Andorra op"]
[Site "Andorra"]
[Date "1991.??.??"]
[Round "?"]
[White "Petursson, Margeir"]
[Black "Sadler, Matthew"]
[Result "1-0"]
[WhiteElo "2515"]
[BlackElo "2440"]

1.d4 d5 2.c4 dxc4 3.e4 Nc6 4.Be3 Nf6 5.Nc3 e5 6.d5 Ne7 7.Bxc4 Ng6 8.Bb5+ Nd7
9.g3 Bd6 10.h4 h6 11.Nf3 a6 12.Be2 Nf6 13.Nd2 O-O 14.a3 Re8 15.Rc1 Bd7 16.Nc4 b5
17.Nxd6 cxd6 18.h5 Ne7 19.f3 Qb8 20.Kf2 Nc8 21.Na2 a5 22.Qc2 Nb6 23.Qc7 Nc4
24.Qxb8 Rexb8 25.Bxc4 bxc4 26.Rc2 Ne8 27.g4 Ba4 28.Re2 f6 29.Nc3 Bb3 30.Rc1 Nc7
31.Nb1 Nb5 32.Nd2 a4 33.Nxb3 cxb3 34.Ree1 Rc8 35.Ke2 Rcb8 36.Kd3 Kf7 37.Rc6 Ke7
38.Bb6 Rb7 39.Rec1 Kd7 40.Be3 Rbb8 41.R6c4 Rc8 42.Rb4 Rxc1 43.Bxc1 Nd4 44.Rb7+ Kd8
45.Rxg7  1-0

[Event "Andorra op"]
[Site "Andorra"]
[Date "1991.??.??"]
[Round "?"]
[White "Tukmakov, Vladimir B"]
[Black "Slipak, Sergio"]
[Result "0-1"]
[WhiteElo "2520"]
[BlackElo "2415"]

1.d4 d5 2.c4 dxc4 3.e4 e5 4.Nf3 exd4 5.Bxc4 Bb4+ 6.Nbd2 Nc6 7.O-O Nf6 8.e5 Nd5
9.Nb3 Nb6 10.Bb5 O-O 11.Bxc6 bxc6 12.Bg5 Be7 13.Bxe7 Qxe7 14.Qxd4 Be6 15.Qc5 Rfe8
16.Qxe7 Rxe7 17.Nbd4 c5 18.Nxe6 Rxe6 19.Rfd1 Re7 20.Rac1 Rd7 21.Kf1 Kf8 22.Ng5 Ke7
23.e6 Rxd1+ 24.Rxd1 f6 25.Ne4 c4 26.Ke2 Kxe6 27.f4 Ke7 28.Nc5 Rb8 29.b3 cxb3
30.axb3 c6 31.Ra1 Nc8 32.Kd3 Rb4 33.g3 Kd6 34.Ne4+ Kc7 35.Nc5 Kb6 36.Na4+ Kb5
37.Kc2 Rd4 38.Re1 Rd7 39.Re8 Nb6 40.Nc3+ Kc5 41.Ne4+ Kd4 42.Nf2 Nd5 43.Re4+ Kc5
44.Nd3+ Kb5 45.Re8 Nb4+ 46.Nxb4 Kxb4 47.Re4+ Kb5 48.Kc3 a5 49.Re1 Ra7 50.Re4 h5
51.f5 Kc5 52.Rh4 Kd5 53.Rxh5 a4 54.bxa4 Rxa4 55.Rh7 Rg4 56.Kd3 Ke5 57.Rh8 Kxf5
58.Rc8 Ra4 59.Rxc6 Kg4 60.Rc7 g5 61.Ke3 Kh3 62.Rh7+ Kg2 63.Rh5 g4 64.Rh6 f5
65.Rh5 Re4+ 66.Kd2 Re8 67.Rh7 Kf2 68.Rh5 Rd8+ 69.Kc3 Kg2 70.Kc2 Rd5 71.Rh6 Kf3
72.Rh8 Ra5 73.Rh5 Ke3 74.Kc3 Rc5+ 75.Kb4 Kd4 76.Rh4 Rc1 77.Kb5 Ke4 78.Kb4 Kf3
79.Rh8 Kg2 80.Kb3 Rh1  0-1

[Event "AUT-ch"]
[Site "?"]
[Date "1991.??.??"]
[Round "?"]
[White "Schroll, Gerhard"]
[Black "Dueckstein, Andreas"]
[Result "1-0"]
[WhiteElo "2370"]
[BlackElo "2375"]

1.d4 d5 2.c4 dxc4 3.e4 e5 4.Nf3 exd4 5.Bxc4 Bb4+ 6.Bd2 Bxd2+ 7.Nbxd2 Nc6
8.O-O Nge7 9.Nb3 O-O 10.Nfxd4 Nxd4 11.Nxd4 a6 12.a4 Rb8 13.a5 b5 14.axb6 Rxb6
15.Nb3 Nc6 16.f4 Qe7 17.Qe2 Nb4 18.e5 Bf5 19.Rad1 Nc6 20.Rd2 Na5 21.Nxa5 Qc5+
22.Kh1 Qxa5 23.Rfd1 Qb4 24.h3 a5 25.b3 a4 26.Rd4 Qc3 27.Qh5 Bg6 28.Qg5 h6
29.Qe7 Rbb8 30.bxa4 Rb1 31.Qc5 Qe3 32.Rxb1 Bxb1 33.Bxf7+ Kh8 34.Qxf8+  1-0

[Event "GER-ch"]
[Site "Bad Neuenahr"]
[Date "1991.??.??"]
[Round "12"]
[White "Schoene, Ralf"]
[Black "Schuh, Hubert"]
[Result "1/2-1/2"]
[WhiteElo "2350"]
[BlackElo "2375"]

1.d4 d5 2.c4 dxc4 3.e4 e5 4.Nf3 Bb4+ 5.Bd2 Bxd2+ 6.Nbxd2 exd4 7.Bxc4 Nc6
8.O-O Nf6 9.e5 Nd5 10.Qb3 Nce7 11.Nxd4 O-O 12.Ne4 Nb6 13.Rad1 Nxc4 14.Qxc4 Nd5
15.b4 Nb6 16.Qc2 Qe7 17.f4 Nd5 18.Ng5 g6 19.Qb3 Nxf4 20.Nxf7 Qxf7 21.Rxf4 Qxb3
22.Rxf8+ Kxf8 23.axb3 Bd7 24.Rc1 c6 25.b5 Rc8 26.bxc6 Bxc6 27.Nxc6 bxc6  1/2-1/2

[Event "Berliner Sommer"]
[Site "Berlin"]
[Date "1991.??.??"]
[Round "?"]
[White "Aseev, Konstantin N"]
[Black "Brady, Stephen"]
[Result "0-1"]
[WhiteElo "2525"]
[BlackElo "2310"]

1.d4 d5 2.c4 dxc4 3.e4 Nf6 4.e5 Nd5 5.Bxc4 Nb6 6.Bd3 Nc6 7.Ne2 Bg4 8.Be3 Qd7
9.Nbc3 O-O-O 10.Be4 f6 11.f3 Bf5 12.exf6 exf6 13.d5 Bxe4 14.fxe4 Ne5 15.Bxb6 axb6
16.Nd4 Re8 17.O-O Bc5 18.Kh1 Ng4 19.Ne6 h5 20.Qe2 Qd6 21.g3 g5 22.Nb5 Qd7
23.Nbxc7 Re7 24.Rac1 Kb8 25.h3 Qd6 26.Rc3 Rxc7 27.Nxc7 Qxc7 28.b4 Qe5 29.Rb3 Bd4
30.hxg4 hxg4+ 31.Kg2 Qc7 32.Rd3 Rh2+ 33.Kxh2 Qh7+  0-1

[Event "Brno Morava-A"]
[Site "Brno"]
[Date "1991.??.??"]
[Round "2"]
[White "Shirov, Alexei"]
[Black "Murshed, Niaz"]
[Result "1-0"]
[WhiteElo "2610"]
[BlackElo "2510"]

1.d4 d5 2.c4 dxc4 3.e4 Nc6 4.Be3 e5 5.d5 Nce7 6.Bxc4 Ng6 7.Bb5+ Bd7 8.Qb3 Nf6
9.Bxd7+ Nxd7 10.Qxb7 Rb8 11.Qc6 Nh4 12.Kf1 Bc5 13.Bxc5 Qg5 14.Nd2 Qxd2 15.Ba3 Qd3+
16.Ne2 Nxg2 17.Qc3 Qxc3 18.Nxc3 Nf4 19.Rg1 g6 20.Ne2 Kd8 21.Rc1 Nf6 22.Nxf4 exf4
23.d6 Rc8 24.f3 Re8 25.Rg5 cxd6 26.Rxc8+ Kxc8 27.Bxd6 Nh5 28.Rc5+ Kd7 29.Be5 Rc8
30.Rxc8 Kxc8 31.Ke2 Kd7 32.Bd4 a6 33.Kd3 g5 34.b4 f6 35.a4 Kc6 36.e5 fxe5
37.Bxe5 Kd5 38.Bd4 h6 39.b5 axb5 40.axb5 Ng3  1-0

[Event "Brno Morava-A"]
[Site "Brno"]
[Date "1991.??.??"]
[Round "2"]
[White "Epishin, Vladimir"]
[Black "Polgar, Zsuzsa"]
[Result "0-1"]
[WhiteElo "2615"]
[BlackElo "2535"]

1.d4 d5 2.c4 dxc4 3.e4 e5 4.Nf3 Bb4+ 5.Bd2 Bxd2+ 6.Nbxd2 exd4 7.Bxc4 Nc6
8.O-O Qf6 9.Re1 Nge7 10.b4 a6 11.e5 Qg6 12.Qb3 Be6 13.a4 O-O 14.Bxe6 fxe6
15.b5 Na5 16.Qb4 Nd5 17.Qxd4 Nb3 18.Nxb3 Rxf3 19.Nc5 Nf4 20.g3 Nh3+ 21.Kh1 Rxf2
22.Ne4 Qh5 23.Re3 Rc2 24.Rf1 Nf4 25.h4 Nd5 26.Ref3 axb5 27.Ng5 Qg6 28.Qg4 Rc3
29.Rxc3 Nxc3 30.h5 Qe8 31.Nxe6 Qd7 32.Qf5 h6 33.axb5 Re8 34.Nc5 Qd5+ 35.Qf3 Rxe5
36.Qxd5+ Rxd5 37.Nxb7 Rxh5+ 38.Kg2 Rxb5 39.Nd8 Re5 40.Rc1 Nd5 41.Nc6 Re2+
42.Kh3 Re3 43.Nd4 Nc3 44.Nf5 Rd3 45.Re1 Kf7 46.Rf1 Kg6 47.Kg4 Ne4 48.Nh4+ Kh7
49.Nf3 g5 50.Kh3 h5 51.Kh2 Nxg3 52.Kxg3 g4 53.Rc1 Rxf3+ 54.Kh4 Kg6 55.Rc6+ Kf5
56.Rc5+ Kf4 57.Rc4+ Ke3 58.Rc3+ Kf2 59.Rc2+ Kg1 60.Kxh5 g3 61.Kg4 Rd3 62.Rxc7 g2
63.Rf7 Rd8 64.Kf3 Rh8 65.Rg7 Kf1  0-1

[Event "Brno Morava-A"]
[Site "Brno"]
[Date "1991.??.??"]
[Round "6"]
[White "Shirov, Alexei"]
[Black "Polgar, Zsuzsa"]
[Result "1-0"]
[WhiteElo "2610"]
[BlackElo "2535"]

1.d4 d5 2.c4 dxc4 3.e4 e5 4.Nf3 Bb4+ 5.Bd2 Bxd2+ 6.Nbxd2 exd4 7.Bxc4 Nc6
8.O-O Qf6 9.b4 a6 10.e5 Qg6 11.Nb3 Bg4 12.Bd3 Qh6 13.h3 Bxf3 14.Qxf3 Nge7
15.Qe4 Rd8 16.a3 Qe6 17.Nc5 Qxe5 18.Nxb7 Qxe4 19.Bxe4 Rb8 20.Rfe1 O-O 21.Nc5 Rfc8
22.Rac1 Na7 23.Nxa6 Rb6 24.Nxc7 g6 25.Bd3 Rc6 26.Rxc6 Naxc6 27.Nb5 Nd5 28.Rc1 Nf4
29.Nxd4 Rd8 30.Nxc6 Rxd3 31.Ra1 Ne2+ 32.Kh2 Nc3 33.a4  1-0

[Event "Budapest"]
[Site "Budapest"]
[Date "1991.??.??"]
[Round "2"]
[White "Zueger, Beat"]
[Black "Afek, Yochanan"]
[Result "1/2-1/2"]
[WhiteElo "2425"]
[BlackElo "2325"]

1.d4 d5 2.c4 dxc4 3.e4 c5 4.d5 e6 5.Nc3 exd5 6.exd5 a6 7.a4 Nf6 8.Bxc4 Bd6
9.Nge2 Qc7 10.f4 h5 11.O-O h4 12.h3 Bf5 13.Be3 Nbd7 14.Rc1 Kf8 15.b3 Re8
16.Qd2  1/2-1/2

[Event "Statisztika"]
[Site "Budapest"]
[Date "1991.??.??"]
[Round "4"]
[White "Peters, Carsten"]
[Black "Nemeth, Zoltan"]
[Result "1/2-1/2"]
[WhiteElo "2275"]
[BlackElo "2345"]

1.d4 d5 2.c4 dxc4 3.e4 c5 4.d5 e6 5.Nc3 Nf6 6.Bxc4 exd5 7.Nxd5 Nxd5 8.Bxd5 Be7
9.Nf3 O-O 10.O-O Na6 11.Be3 Nc7 12.Bb3 Be6 13.Bxe6 Nxe6 14.Qa4 Qe8 15.Qc4 b5
16.Qc2 a6 17.Rad1 Rd8 18.Rd5 Qc6 19.Rfd1 Qc7 20.a4 Rxd5 21.exd5 Nf4 22.axb5 axb5
23.Qf5 Bd6 24.g3 g6 25.Qf6 Nh5 26.Qc3 Re8 27.Qd3 Qd7 28.Rc1 Qg4 29.Nd2 c4
30.Qd4 Qxd4 31.Bxd4 Bb4 32.Nf1 f5 33.Ra1 Rd8 34.Ne3 f4 35.gxf4 Nxf4 36.Bf6 Rd7
37.Ng4 h5 38.Ra8+ Kf7 39.Ne5+ Kxf6 40.Nxd7+ Kf5 41.Rb8 Ne2+ 42.Kf1 Nd4 43.Rb6 g5
44.f3 Nxf3 45.Rxb5 c3 46.bxc3 Bxc3 47.Kg2 Nh4+ 48.Kf1 Bd2 49.Nc5 Bf4 50.Nd3 Bxh2
51.d6+ Ke6 52.Rxg5 Bxd6 53.Rxh5 Nf5 54.Rh8  1/2-1/2

[Event "Honved"]
[Site "Budapest"]
[Date "1991.??.??"]
[Round "6"]
[White "Petran, Pal"]
[Black "Baburin, Alexander"]
[Result "0-1"]
[WhiteElo "2425"]
[BlackElo "2480"]

1.d4 d5 2.c4 dxc4 3.e4 Nc6 4.Nf3 Bg4 5.Bxc4 e6 6.Bb5 Bb4+ 7.Nc3 Ne7 8.Bg5 f6
9.Be3 O-O 10.Be2 f5 11.Ng5 Bxe2 12.Qxe2 Nxd4 13.Bxd4 Qxd4 14.Nxe6 Bxc3+ 15.Kf1 Qd6
16.Nxf8 Bd4 17.Nxh7 Kxh7 18.h4 Rf8 19.Rd1 c5 20.Rh3 f4 21.b4 b6 22.Ra3 Nc6
23.Qh5+ Kg8 24.bxc5 bxc5 25.Qd5+ Qxd5 26.exd5 Nb4 27.d6 Rd8 28.Rxa7 Rxd6
29.Ke2 f3+ 30.gxf3 Re6+ 31.Kf1 Rh6 32.a4 Rxh4 33.Kg2 Rh6 34.a5 Re6 35.Rb7 Nd5
36.Rd2 Ra6 37.Ra2 Kf8 38.f4 Ke8 39.Kf3 Kd8 40.Ra3 Kc8 41.Rf7 Bf6 42.Ke4 Ne7
43.Kd3 Nf5 44.Rf8+ Kb7 45.Kc4 Nd6+ 46.Kxc5 Be7 47.Rb3+ Nb5+ 48.Kxb5 Bxf8
49.Ka4+ Kc6 50.Rb8 Be7 51.Rc8+ Kb7 52.Re8 Bf6 53.Kb5 Rd6 54.Re4 Rd5+  0-1

[Event "Budapest"]
[Site "Budapest"]
[Date "1991.??.??"]
[Round "9"]
[White "Varga, Zoltan"]
[Black "Afek, Yochanan"]
[Result "1-0"]
[WhiteElo "2370"]
[BlackElo "2325"]

1.d4 d5 2.c4 dxc4 3.e4 c5 4.d5 e6 5.Nc3 exd5 6.Nxd5 Ne7 7.Bxc4 Nxd5 8.Bxd5 Be7
9.Nf3 O-O 10.O-O Na6 11.Bf4 Nc7 12.Bc4 Be6 13.Be2 Ne8 14.Qc2 h6 15.Rfd1 Qb6
16.Ne5 Nd6 17.Be3 Rac8 18.f4 Qc7 19.Bf2 g6 20.g4 Bf6 21.Nxg6 fxg6 22.e5 Bxe5
23.Qxg6+ Bg7 24.Qxe6+ Nf7 25.Qf5 Bxb2 26.Rab1 Bc3 27.Rd7 Qc6 28.Rbxb7 Ng5
29.Bc4+  1-0

[Event "Buenos Aires Konex"]
[Site "Buenos Aires"]
[Date "1991.??.??"]
[Round "8"]
[White "Rodriguez, Jorge Luis"]
[Black "Spangenberg, Hugo"]
[Result "1/2-1/2"]
[WhiteElo "2370"]
[BlackElo "2220"]

1.d4 d5 2.c4 dxc4 3.e4 c5 4.d5 Nf6 5.Nc3 e6 6.Bxc4 exd5 7.Nxd5 Nxd5 8.Bxd5 Be7
9.Qh5 O-O 10.Nf3 Na6 11.h4 Qb6 12.Bg5 Bf6 13.Bxf6 Qxf6 14.Ng5 h6 15.Rd1 Nc7
16.Bxf7+ Kh8 17.O-O b5 18.Rd3 Ne6 19.Rf3 Qe7 20.Bxe6 Bxe6 21.Rxf8+ Rxf8 22.Nxe6 Qxe6
23.Qxc5 Rf6 24.Qd5 Qg4 25.h5 a6 26.Re1 Qf4 27.Qd8+ Kh7 28.Qd4 Rd6 29.Qe3 Qe5
30.Qe2 Rf6 31.g3 Rd6 32.Kg2 Rd4 33.b3 Rd6 34.Qg4 Rf6 35.Re2 Qd4 36.f4 Qd1
37.Qf3 Rc6 38.Qf1 Qd3 39.Qf2 Rc1 40.f5 Qd1 41.Kh3 Qh1+ 42.Kg4 Qd1 43.Qf3 Qd8
44.Qe3 Rh1 45.e5 Qe8 46.Qf3 Qxh5+ 47.Kf4 Qg5+ 48.Ke4 Rd1 49.Re3 Qd8 50.Rd3 Re1+
51.Re3 Rd1 52.Rd3 Re1+ 53.Re3  1/2-1/2

[Event "Cheliabinsk-B"]
[Site "Cheliabinsk"]
[Date "1991.??.??"]
[Round "?"]
[White "Ivanov, Sergey"]
[Black "Rublevsky, Sergei"]
[Result "1-0"]
[WhiteElo "2440"]
[BlackElo "2420"]

1.d4 d5 2.c4 dxc4 3.e4 e5 4.Nf3 exd4 5.Bxc4 Bb4+ 6.Bd2 Bxd2+ 7.Nbxd2 Nc6
8.O-O Nf6 9.e5 Ng4 10.h3 Nh6 11.Nb3 O-O 12.Nbxd4 Nxd4 13.Nxd4 Nf5 14.Nxf5 Bxf5
15.Qf3 Qg5 16.Qxb7 Rab8 17.f4 Qh4 18.Qxa7 Rb6 19.Bd5 Rg6 20.Qe3 Bxh3 21.f5 Rg5
22.e6 fxe6 23.Rf4 Qh5 24.Qxe6+ Kh8 25.Bf3 Bg4 26.Rxg4 Rxg4 27.Qe2 Rxg2+ 28.Kxg2 Qxf5
29.Rf1 Qg6+ 30.Bg4 Rb8 31.b3 h6 32.Qe6 Qg5 33.Qf5 Qh4 34.Be2 Re8 35.Bd3 g6
36.Qf6+ Qxf6 37.Rxf6  1-0

[Event "Copenhagen op"]
[Site "Copenhagen"]
[Date "1991.??.??"]
[Round "3"]
[White "Dokhoian, Yury"]
[Black "Christensen, Tobias"]
[Result "1/2-1/2"]
[WhiteElo "2540"]
[BlackElo "2300"]

1.d4 d5 2.c4 dxc4 3.e4 e5 4.Nf3 exd4 5.Bxc4 Bb4+ 6.Nbd2 Nc6 7.O-O Nf6 8.e5 Nd5
9.Nb3 Nb6 10.Bb5 Qd5 11.Bxc6+ Qxc6 12.Nbxd4 Qd5 13.Qc2 Bg4 14.Rd1 O-O-O 15.Bg5 Rd7
16.h3 Be6 17.a3 Be7 18.Nxe6 Qxe6 19.Rxd7 Nxd7 20.Rc1 Bc5 21.Be3 Bb6 22.Ng5 Qe7
23.Bxb6 Nxb6 24.Qf5+ Kb8 25.Nxf7 g6 26.Qf6 Qxf6 27.exf6 Rf8 28.Ng5 h6 29.Ne4 Nd5
30.Rd1 c6 31.Rd3 Nxf6 32.Nc5 Kc8 33.Rd6 Kc7 34.Re6 b6 35.Nd3 Kd7 36.Re3 Kd6
37.f4 Nd5 38.Re4 Nf6 39.Rd4+ Nd5 40.Re4 Nf6 41.Rd4+ Nd5 42.Re4  1/2-1/2

[Event "Copenhagen Unibank"]
[Site "Copenhagen"]
[Date "1991.??.??"]
[Round "3"]
[White "Vyzmanavin, Alexey"]
[Black "Bus, Mariusz"]
[Result "1-0"]
[WhiteElo "2590"]
[BlackElo "2415"]

1.d4 d5 2.c4 dxc4 3.e4 c5 4.d5 Nf6 5.Nc3 e6 6.Bxc4 exd5 7.Nxd5 Nxd5 8.Bxd5 Bd6
9.Qh5 Qf6 10.Nf3 Qg6 11.Qxg6 hxg6 12.Be3 Na6 13.O-O-O Bc7 14.Ng5 f6 15.Ne6 Bxe6
16.Bxe6 Rd8 17.Bc4 Bb6 18.a3 Nc7 19.e5 Rxd1+ 20.Rxd1 Rh5 21.e6 Re5 22.Rd7 Re4
23.b3 Nxe6 24.Rxb7 g5 25.g3 Nc7 26.Rb8+ Kd7 27.Rg8 Re7 28.a4 Ne6 29.Bd2 Nd4
30.a5 Bd8 31.Kb2 Bc7 32.Ka3 Kc6 33.Ka4 Bd6 34.Bf1 Bc7 35.Ra8 Kd7 36.Rxa7 Re4
37.Bd3 Re8 38.Be3 Rb8 39.Bxd4 Rb4+ 40.Ka3 Rxd4 41.Bb5+ Kc8 42.a6 Be5 43.Bc4  1-0

[Event "DEN-chT"]
[Site "DEN"]
[Date "1991.??.??"]
[Round "1"]
[White "Jelling, Erik"]
[Black "Fedder, Steen"]
[Result "1/2-1/2"]
[WhiteElo "2365"]
[BlackElo "2400"]

1.d4 d5 2.c4 dxc4 3.e4 Nf6 4.Nc3 e5 5.d5 c6 6.Bxc4 b5 7.Bb3 b4 8.Na4 cxd5
9.Nf3 Be7 10.Bg5 Nbd7 11.exd5 Bd6 12.Nd2 O-O 13.Nc4 Bc5 14.O-O Bd4 15.Re1 Ba6
16.Be3 Bxe3 17.Nxe3 Qa5 18.Rc1 Bb5 19.Nc5 Nxc5 20.Rxc5 Qb6 21.Qc2 a5 22.Qc1 Ne4
23.Rc2 Nd6 24.Nc4 Bxc4 25.Bxc4 Rac8 26.Bb3 Rxc2 27.Qxc2 Rc8 28.Qe2 e4 29.Ba4 Rc4
30.h3 Qc5 31.Bb3 Rc1 32.Qd2 Rxe1+ 33.Qxe1 h6 34.Qd2 g5 35.h4 f6 36.Kh2 Kg7
37.Qe2 Qb5 38.Qxb5 Nxb5 39.hxg5 hxg5 40.g4 f5 41.gxf5 Kf6 42.Bc2 Nd6 43.Kh3 Ke5
44.Kg4 Nxf5 45.Kxg5 e3 46.fxe3 Nxe3 47.Bb3 Nxd5 48.a3 Nf4 49.axb4 axb4 50.Bc2 Ng2
51.Bh7 Ne3 52.Bg8 Nd1 53.b3 Nf2 54.Kh4 Kf4 55.Bf7 Ne4 56.Bg8 Ke3 57.Kh3 Kf2
58.Kh2 Nd2 59.Kh3 Ke3 60.Kg2 Kd3 61.Kf2 Kc2 62.Ke2 Nxb3 63.Bh7+ Kc3 64.Kd1  1/2-1/2

[Event "FIN-chT"]
[Site "FIN"]
[Date "1991.??.??"]
[Round "?"]
[White "Manninen, Marko"]
[Black "Kekki, Petri"]
[Result "1-0"]
[WhiteElo "2310"]
[BlackElo "2275"]

1.d4 d5 2.c4 dxc4 3.e4 e5 4.Nf3 exd4 5.Bxc4 Bb4+ 6.Nbd2 Nc6 7.O-O Be6 8.Bxe6 fxe6
9.Nb3 d3 10.Be3 Nf6 11.Nbd4 Nxd4 12.Nxd4 Qe7 13.Qxd3 O-O-O 14.Qc4 Nxe4 15.Nc2 Nd2
16.Qxb4 Qxb4 17.Nxb4 Nxf1 18.Kxf1 a5 19.Nc2 Rd5 20.Bd4 Rg8 21.Re1 Kd7 22.Bc3 b6
23.Ne3 Rh5 24.h3 Rc5 25.a3 Kd6 26.Ke2 Ke7 27.Rc1 Kd7 28.Rd1+ Ke7 29.Rd3 Rb5
30.a4 Rg5 31.f4 Rg6 32.Be5 Rc8 33.g4 Ke8 34.h4 h5 35.g5  1-0

[Event "ISL-ch"]
[Site "Gardabaer"]
[Date "1991.??.??"]
[Round "8"]
[White "Gretarsson, Helgi Ass"]
[Black "Thorhallsson, Throstur"]
[Result "1/2-1/2"]
[WhiteElo "2260"]
[BlackElo "2425"]

1.d4 d5 2.c4 dxc4 3.e4 e5 4.Nf3 exd4 5.Bxc4 Nc6 6.O-O Be6 7.Bxe6 fxe6 8.Ng5 Qd7
9.Qh5+ g6 10.Qh3 Nd8 11.f4 Nh6 12.Nd2 Bg7 13.Ndf3 a5 14.Bd2 Ra6 15.Rae1 O-O
16.e5 Rb6 17.b3 a4 18.b4 Rc6 19.Rc1 Re8 20.Rxc6 Nxc6 21.g4 Qd5 22.a3 Rf8
23.Nxh7 Kxh7 24.g5 Rf5 25.Nh4 Qb3 26.Qxb3 axb3 27.gxh6 Rh5 28.Nf3 Bxh6 29.b5 Ne7
30.Nxd4 b2 31.Nxe6 Rxe5 32.fxe5 Bxd2 33.Rb1 Bc3 34.Nf4 Bxe5 35.Nd3 Bd4+ 36.Kg2 Nd5
37.Nxb2 Nc3 38.Rd1 Nxd1 39.Nxd1 g5 40.Kf3 Kg6 41.Ke4 Bc5 42.a4 Bg1 43.h3 Kh5
44.Kd5 Kh4 45.Nc3 Kxh3 46.Ne2 Bf2 47.a5 Be3 48.Nd4 Bf2 49.a6 bxa6 50.bxa6 c6+
51.Nxc6 Bb6 52.Ne5  1/2-1/2